[Event "SLO-chT1 East"]
[Site "Slovenia"]
[Date "2019.09.06"]
[Round "1.4"]
[White "Cmor, Nino"]
[Black "Medvesek, Janez"]
[Result "1-0"]
[WhiteElo "2058"]
[BlackElo "1797"]
[PlyCount "71"]
[EventDate "2019.09.06"]
[EventType "team-tourn"]
[EventRounds "9"]
[EventCountry "SLO"]
[SourceTitle "EXT 2020"]
[Source "ChessBase"]
[SourceDate "2019.10.17"]
[SourceVersion "1"]
[SourceVersionDate "2019.10.17"]
[SourceQuality "1"]
[WhiteTeam "Pomgrad Radenska II"]
[BlackTeam "Zagorje ob Savi"]
[WhiteTeamCountry "SLO"]
[BlackTeamCountry "SLO"]

1. e4 c6 2. d4 d5 3. f3 e6 4. Nc3 Nf6 5. Bf4 Bb4 6. Qd3 Qa5 7. Nge2 c5 8. dxc5 dxe4 9. fxe4 Nc6 10. 0-0-0 0-0 11. Bd6 Rd8 12. Qe3 Nd7 13. Nd4 Bxc5 14. Bxc5 Qxc5 15. Bb5 Nxd4 16. Qxd4 Qxd4 17. Rxd4 a6 18. Be2 Kf8 19. Rhd1 Ke7 20. Na4 Rf8 21. c4 b6 22. b4 Ra7 23. Rd6 Rb7 24. c5 b5 25. Nc3 Rc7 26. a4 bxa4 27. Bxa6 Bxa6 28. Rxa6 Nxc5 29. bxc5 Rxc5 30. Rd3 Rfc8 31. Kd2 f5 32. Rxa4 h6 33. exf5 Rxf5 34. Ra7+ Kf6 35. Ne4+ Ke5 36. Ke3 1-0

[Event "SLO-chT1 East"]
[Site "Slovenia"]
[Date "2017.11.12"]
[Round "6"]
[White "Cmor, Nino"]
[Black "Smon, Gregor"]
[Result "1-0"]
[WhiteElo "2014"]
[BlackElo "2026"]
[PlyCount "81"]
[EventDate "2017.09.29"]
[EventType "team-tourn"]
[EventRounds "9"]
[EventCountry "SLO"]
[SourceTitle "EXT 2019"]
[Source "ChessBase"]
[SourceDate "2018.10.10"]
[SourceVersion "1"]
[SourceVersionDate "2018.10.10"]
[SourceQuality "1"]
[WhiteTeam "Pomgrad Radenska II"]
[BlackTeam "Slovenj Gradec"]
[WhiteTeamCountry "SLO"]
[BlackTeamCountry "SLO"]

1. e4 e5 2. Nf3 Nc6 3. Bb5 a6 4. Ba4 Nf6 5. 0-0 Be7 6. Re1 b5 7. Bb3 d6 8. c3 0-0 9. h3 Na5 10. Bc2 c5 11. d4 Qc7 12. Nbd2 cxd4 13. cxd4 Nc6 14. Nb3 Nb4 15. Bb1 a5 16. Bd2 Nc6 17. Qc2 Qb6 18. Be3 Qb7 19. Rc1 Nb4 20. Qe2 a4 21. Nbd2 Nc6 22. Bd3 Rb8 23. Nf1 Re8 24. Ng3 Bd7 25. Bb1 b4 26. Bd3 h6 27. Ba6 Qa8 28. d5 Na7 29. Rc7 Bb5 30. Rxa7 Qxa7 31. Bxb5 Qa8 32. Bxe8 Nxe8 33. Rc1 Qa5 34. Rc6 b3 35. a3 Nc7 36. Qd2 Qxd2 37. Nxd2 Nb5 38. Nc4 Nd4 39. Bxd4 exd4 40. Kf1 Bf6 41. Ke2 1-0

[Event "Portoroz op 11th"]
[Site "Portoroz"]
[Date "2017.07.28"]
[Round "8"]
[White "Subelj, Jan"]
[Black "Cmor, Nino"]
[Result "0-1"]
[WhiteElo "2136"]
[BlackElo "2016"]
[PlyCount "116"]
[EventDate "2017.07.22"]
[EventType "swiss"]
[EventRounds "9"]
[EventCountry "SLO"]
[SourceTitle "EXT 2020"]
[Source "ChessBase"]
[SourceDate "2019.10.17"]
[SourceVersion "1"]
[SourceVersionDate "2019.10.17"]
[SourceQuality "1"]

1. e4 c5 2. Nf3 d6 3. c3 Nf6 4. h3 Nc6 5. Bd3 d5 6. e5 Nd7 7. Bb5 Qb6 8. Na3 e6 9. 0-0 c4 10. Bxc6 Qxc6 11. Nc2 Be7 12. d4 cxd3 13. Qxd3 Qc7 14. Re1 0-0 15. Bf4 a5 16. Nfd4 b6 17. Qg3 Kh8 18. h4 Ba6 19. Ne3 Nc5 20. Rad1 Nd3 21. Rxd3 Bxd3 22. Nxd5 exd5 23. Qxd3 Rae8 24. Nf5 Qc6 25. Rd1 Qc4 26. Nd6 Qxf4 27. Nxe8 Rxe8 28. Qxd5 Bc5 29. Rd2 h6 30. Re2 Qxh4 31. Rd2 Qf4 32. Re2 Qh4 33. Rd2 Qe7 34. Re2 Qe6 35. Qe4 f6 36. b4 axb4 37. cxb4 Bd6 38. f4 fxe5 39. f5 Qe7 40. a3 Rc8 41. Rf2 Qg5 42. f6 Rc1+ 43. Kh2 Qh5+ 44. Kg3 Rc3+ 45. Rf3 Rxf3+ 46. gxf3 Qg5+ 47. Kh3 Qxf6 48. a4 Qf4 49. Qa8+ Kh7 50. a5 bxa5 51. bxa5 e4 52. Qxe4+ Qxe4 53. fxe4 Kg6 54. a6 Bc5 55. Kg4 Kf6 56. Kf4 g5+ 57. Kg4 Ke5 58. Kf3 h5 0-1

[Event "Portoroz op 11th"]
[Site "Portoroz"]
[Date "2017.07.25"]
[Round "5"]
[White "Cmor, Nino"]
[Black "Vidic, Miha"]
[Result "0-1"]
[WhiteElo "2016"]
[BlackElo "2110"]
[PlyCount "46"]
[EventDate "2017.07.22"]
[EventType "swiss"]
[EventRounds "9"]
[EventCountry "SLO"]
[SourceTitle "EXT 2018"]
[Source "ChessBase"]
[SourceDate "2017.10.13"]
[SourceVersion "1"]
[SourceVersionDate "2017.10.13"]
[SourceQuality "1"]

1. e4 d5 2. exd5 Qxd5 3. Nc3 Qa5 4. d4 Nf6 5. Bc4 Nc6 6. Nge2 Bg4 7. f3 Bh5 8. Bd2 0-0-0 9. a4 Qb4 10. b3 Qd6 11. Nb5 Qd7 12. Bf4 a6 13. Nxc7 e5 14. dxe5 Qxc7 15. exf6 Rxd1+ 16. Rxd1 Qa5+ 17. Bd2 Qc5 18. Bc3 g5 19. Rd5 Qb6 20. a5 Qa7 21. Kd1 Bg6 22. Re1 Bb4 23. Rxg5 Qe3 0-1

[Event "SLO-chT1 East"]
[Site "Slovenia"]
[Date "2016.11.12"]
[Round "5"]
[White "Ivekovic, Mario"]
[Black "Cmor, Nino"]
[Result "1-0"]
[WhiteElo "2155"]
[BlackElo "2021"]
[PlyCount "143"]
[EventDate "2016.09.23"]
[EventType "team-tourn"]
[EventRounds "9"]
[EventCountry "SLO"]
[SourceTitle "EXT 2019"]
[Source "ChessBase"]
[SourceDate "2018.10.10"]
[SourceVersion "1"]
[SourceVersionDate "2018.10.10"]
[SourceQuality "1"]
[WhiteTeam "Brezice"]
[BlackTeam "Pomgrad Radenska II"]
[WhiteTeamCountry "SLO"]
[BlackTeamCountry "SLO"]

1. g3 Nf6 2. Bg2 g6 3. e4 d6 4. Ne2 c5 5. c3 Bg7 6. d4 cxd4 7. cxd4 0-0 8. 0-0 Nc6 9. Nbc3 Bd7 10. h3 Rb8 11. Be3 a6 12. f4 e5 13. fxe5 dxe5 14. d5 Na5 15. b3 b5 16. Qd2 Nb7 17. g4 b4 18. Nd1 Nd6 19. Ng3 Bb5 20. Rf2 Nfe8 21. Bg5 f6 22. Be3 f5 23. exf5 gxf5 24. Nxf5 Nxf5 25. Rxf5 Rxf5 26. gxf5 Nd6 27. Bh6 Nxf5 28. Bxg7 Kxg7 29. Qxb4 Nd4 30. Qd2 Qh4 31. Qf2 Qg5 32. Qe3 Ne2+ 33. Kh2 Nf4 34. Qg3 Qxg3+ 35. Kxg3 Kf7 36. Be4 Rg8+ 37. Kh2 Bd3 38. Bxd3 Nxd3 39. Ne3 Ke7 40. Rf1 Nf4 41. Rc1 Kd7 42. Rc6 Rg6 43. Ng4 Rxc6 44. Nxe5+ Kd6 45. dxc6 Ne6 46. Nc4+ Kxc6 47. Kg3 h5 48. Ne5+ Kc5 49. Nd3+ Kd4 50. Nb4 Nc5 51. Kh4 Kc3 52. Nd5+ Kb2 53. Kxh5 Kxa2 54. b4 Ne6 55. Kg6 Kb3 56. Kf6 Nf8 57. h4 Kc4 58. Nc7 Kxb4 59. Nxa6+ Kc4 60. Nc7 Nd7+ 61. Kf5 Kc5 62. h5 Kd6 63. h6 Nf8 64. Ne6 Ke7 65. Ng5 Ke8 66. Kf6 Nd7+ 67. Kg7 Nf8 68. Ne4 Ke7 69. Nc5 Ke8 70. Nd7 Ne6+ 71. Kf6 Nf8 72. Nxf8 1-0

[Event "Portoroz op 10th"]
[Site "Portoroz"]
[Date "2016.07.26"]
[Round "5"]
[White "Savoia, Serge"]
[Black "Cmor, Nino"]
[Result "1/2-1/2"]
[WhiteElo "1776"]
[BlackElo "2012"]
[PlyCount "133"]
[EventDate "2016.07.23"]
[EventType "swiss"]
[EventRounds "9"]
[EventCountry "SLO"]
[SourceTitle "CBM 173 Extra"]
[Source "ChessBase"]
[SourceDate "2016.08.29"]
[SourceVersion "1"]
[SourceVersionDate "2016.08.29"]
[SourceQuality "1"]

1. e4 c5 2. c3 d5 3. exd5 Qxd5 4. d4 Nc6 5. Nf3 Bf5 6. Bb5 cxd4 7. Bxc6+ Qxc6 8. 0-0 Bg4 9. Nxd4 Bxd1 10. Nxc6 Bh5 11. Nd4 0-0-0 12. Bf4 e6 13. Nb5 Bc5 14. a4 Be2 15. Re1 Bxb5 16. axb5 Nf6 17. b4 Bb6 18. Na3 Nd5 19. Bg3 Bc7 20. Bxc7 Kxc7 21. Re4 Kb8 22. c4 Nxb4 23. c5 Nd5 24. Nc4 Nc3 25. Rg4 Rd4 26. Rxd4 Ne2+ 27. Kf1 Nxd4 28. Nd6 f6 29. Ra4 e5 30. f4 Rd8 31. fxe5 fxe5 32. Kf2 b6 33. Nc4 bxc5 34. Nxe5 Kb7 35. Nd3 Kb6 36. Ra6+ Kxb5 37. Rxa7 Ne6 38. Ke3 c4 39. Ne5 Rd5 40. Ke4 Rd2 41. Rb7+ Kc5 42. Re7 Re2+ 43. Kf5 Nd4+ 44. Kf4 Rxg2 45. Rc7+ Kd5 46. Nxc4 Ne6+ 47. Kf3 Rxh2 48. Ne3+ Kd6 49. Ra7 g6 50. Ng4 Rh5 51. Ke3 h6 52. Rh7 Nd4 53. Rh8 Ke6 54. Re8+ Kf7 55. Re4 Nf5+ 56. Kf4 Rh3 57. Ne5+ Kg7 58. Re1 Rh4+ 59. Kf3 Ra4 60. Rg1 Ra6 61. Rb1 Kf6 62. Nd7+ Kg5 63. Nc5 Ra3+ 64. Kg2 h5 65. Rb6 Nh4+ 66. Kh2 Nf5 67. Kg1 1/2-1/2

[Event "SLO-chT1 East"]
[Site "Slovenia"]
[Date "2015.10.17"]
[Round "2"]
[White "Benko, Bostjan"]
[Black "Cmor, Nino"]
[Result "1-0"]
[WhiteElo "2002"]
[BlackElo "1997"]
[PlyCount "95"]
[EventDate "2015.10.16"]
[EventType "team-tourn"]
[EventRounds "9"]
[EventCountry "SLO"]
[SourceTitle "EXT 2019"]
[Source "ChessBase"]
[SourceDate "2018.10.10"]
[SourceVersion "1"]
[SourceVersionDate "2018.10.10"]
[SourceQuality "1"]
[WhiteTeam "Zagorje ob Savi"]
[BlackTeam "Radenska Pomgrad II"]
[WhiteTeamCountry "SLO"]
[BlackTeamCountry "SLO"]

1. Nf3 Nf6 2. d4 g6 3. c4 Bg7 4. Nc3 0-0 5. e4 d6 6. Be2 e5 7. dxe5 dxe5 8. Bg5 c6 9. Qxd8 Rxd8 10. 0-0 Na6 11. Nxe5 Re8 12. f4 Nc5 13. Bf3 h6 14. Bh4 g5 15. Bf2 Ne6 16. fxg5 Nxg5 17. Bg3 Be6 18. b3 Nd7 19. Nxd7 Bxc3 20. Rad1 Rad8 21. Be5 Nxf3+ 22. gxf3 Bxe5 23. Nxe5 Bh3 24. Rxd8 Rxd8 25. Re1 Rd2 26. a4 h5 27. f4 Rg2+ 28. Kh1 Rb2 29. Nd3 Rxb3 30. Nf2 Be6 31. c5 Rf3 32. Kg2 Rxf4 33. Kg3 Rf6 34. Nd3 Rg6+ 35. Kf4 Rg2 36. h4 Rg4+ 37. Ke5 Kf8 38. Nf4 Ke7 39. Nxe6 fxe6 40. Rb1 b6 41. cxb6 axb6 42. Rxb6 Kd7 43. Rb7+ Kd8 44. a5 Rg2 45. a6 Kc8 46. Rh7 Ra2 47. a7 c5 48. Kd6 1-0

[Event "Ptuj op"]
[Site "Ptuj"]
[Date "2015.08.07"]
[Round "5"]
[White "Zupancic, Urban"]
[Black "Cmor, Nino"]
[Result "0-1"]
[WhiteElo "1908"]
[BlackElo "2014"]
[PlyCount "88"]
[EventDate "2015.08.03"]
[EventType "swiss"]
[EventRounds "9"]
[EventCountry "SLO"]
[SourceTitle "CBM 167 Extra"]
[Source "ChessBase"]
[SourceDate "2015.09.14"]
[SourceVersion "1"]
[SourceVersionDate "2015.09.14"]
[SourceQuality "1"]

1. e4 c5 2. Nf3 d6 3. d4 cxd4 4. Nxd4 Nf6 5. Nc3 a6 6. f3 e5 7. Nb3 Be7 8. Be3 Be6 9. Qd2 0-0 10. 0-0-0 Nbd7 11. g4 b5 12. Rg1 Nb6 13. g5 Nfd7 14. Na5 Qc7 15. Nd5 Nxd5 16. exd5 Bxd5 17. Qxd5 Qxa5 18. Bd3 Rac8 19. Kb1 Qc7 20. Bf5 Rcd8 21. h4 Nb6 22. Qd3 g6 23. Be4 Rc8 24. h5 d5 25. Bxb6 dxe4 26. Qd7 Qxc2+ 27. Ka1 Bxg5 28. hxg6 hxg6 29. fxe4 Qc6 30. Qh3 Qf6 31. Rdf1 Bf4 32. Be3 Rc2 33. Bxf4 exf4 34. e5 Qxe5 35. Qb3 Rc4 36. Rh1 Rfc8 37. Qh3 Qg7 38. a3 Rc2 39. Qb3 Qd4 40. Rfg1 R2c4 41. Rd1 Qe3 42. Rd3 Rc1+ 43. Rxc1 Qxc1+ 44. Ka2 Qc4 0-1

[Event "Ptuj op"]
[Site "Ptuj"]
[Date "2015.08.04"]
[Round "2"]
[White "Cmor, Nino"]
[Black "Tomazini, Aljosa"]
[Result "0-1"]
[WhiteElo "2014"]
[BlackElo "2292"]
[PlyCount "94"]
[EventDate "2015.08.03"]
[EventType "swiss"]
[EventRounds "9"]
[EventCountry "SLO"]
[SourceTitle "CBM 167 Extra"]
[Source "ChessBase"]
[SourceDate "2015.09.14"]
[SourceVersion "1"]
[SourceVersionDate "2015.09.14"]
[SourceQuality "1"]

1. e4 d5 2. exd5 Qxd5 3. Nc3 Qa5 4. d4 Nf6 5. Bc4 Nc6 6. Nge2 Bg4 7. f3 Bh5 8. Bd2 0-0-0 9. Nd5 Qa4 10. Bb3 Qa6 11. Nxf6 gxf6 12. c3 e5 13. 0-0 exd4 14. cxd4 Nxd4 15. Nxd4 Rxd4 16. Qe1 Bc5 17. Kh1 Rdd8 18. Rc1 Bg6 19. Bf4 Bd6 20. Qg3 Kb8 21. Rfe1 Rhe8 22. Rxe8 Rxe8 23. Qh4 Be5 24. Qg4 Qe2 25. Bxe5 Qxe5 26. h3 Qxb2 27. Rd1 Qc3 28. Qd7 Re1+ 29. Rxe1 Qxe1+ 30. Kh2 Qe5+ 31. Kh1 a5 32. Bxf7 Bxf7 33. Qxf7 h5 34. Kg1 b5 35. f4 Qf5 36. Qb3 a4 37. Qe3 Kb7 38. Qe2 Kb6 39. Qd2 Qc5+ 40. Kh2 b4 41. Qd8 f5 42. Qd3 Qb5 43. Qe3+ Kb7 44. Qf3+ Ka7 45. Qe3+ Kb8 46. g4 hxg4 47. hxg4 b3 0-1

[Event "Maribor Pirc Memorial op 19th"]
[Site "Maribor"]
[Date "2015.07.02"]
[Round "9"]
[White "Hrescak, Ivana"]
[Black "Cmor, Nino"]
[Result "1/2-1/2"]
[WhiteElo "2057"]
[BlackElo "2003"]
[PlyCount "68"]
[EventDate "2015.06.25"]
[EventType "swiss"]
[EventRounds "9"]
[EventCountry "SLO"]
[SourceTitle "EXT 2017"]
[Source "ChessBase"]
[SourceDate "2016.10.25"]
[SourceVersion "1"]
[SourceVersionDate "2016.10.25"]
[SourceQuality "1"]

1. d4 Nf6 2. c4 g6 3. Nc3 Bg7 4. e4 d6 5. f3 0-0 6. Be3 c5 7. Nge2 Qa5 8. Nc1 cxd4 9. Nb3 Qd8 10. Nxd4 Nc6 11. Be2 Bd7 12. 0-0 Rb8 13. Qd2 a6 14. Nxc6 Bxc6 15. a4 a5 16. Kh1 Nd7 17. b3 Nc5 18. Rab1 Qc7 19. Rfc1 Rfc8 20. Nd1 b6 21. Nf2 Qd7 22. Bd4 Qe6 23. Ng4 Nxe4 24. Qb2 Bxd4 25. Qxd4 Nf6 26. Nxf6+ Qxf6 27. Qxf6 exf6 28. Rd1 Rd8 29. Rd4 Rd7 30. Kg1 d5 31. cxd5 Rxd5 32. Rxd5 Bxd5 33. b4 axb4 34. Rxb4 Bc6 1/2-1/2

[Event "Maribor Pirc Memorial op 19th"]
[Site "Maribor"]
[Date "2015.06.27"]
[Round "3"]
[White "Smagin, Nikita"]
[Black "Cmor, Nino"]
[Result "1-0"]
[WhiteElo "2104"]
[BlackElo "2003"]
[PlyCount "55"]
[EventDate "2015.06.25"]
[EventType "swiss"]
[EventRounds "9"]
[EventCountry "SLO"]
[SourceTitle "CBM 167 Extra"]
[Source "ChessBase"]
[SourceDate "2015.09.14"]
[SourceVersion "1"]
[SourceVersionDate "2015.09.14"]
[SourceQuality "1"]

1. e4 c5 2. Nc3 a6 3. f4 b5 4. g3 Bb7 5. Bg2 e6 6. d3 d5 7. Qe2 Nc6 8. Nf3 Nd4 9. Nxd4 cxd4 10. Nd1 Rc8 11. 0-0 dxe4 12. Bxe4 Bxe4 13. dxe4 Bc5 14. Nf2 d3 15. cxd3 Qd4 16. Rb1 Ne7 17. b4 Bb6 18. Bb2 Qd7 19. Bxg7 Rg8 20. Ba1 Nc6 21. Rfc1 Nxb4 22. Rxc8+ Qxc8 23. Rxb4 Qc1+ 24. Kg2 Qxa1 25. a4 Qc3 26. Qb2 Qe1 27. Rb3 b4 28. Rxb4 1-0

[Event "Maribor Pirc Memorial op 19th"]
[Site "Maribor"]
[Date "2015.06.25"]
[Round "1"]
[White "Titan, Matej"]
[Black "Cmor, Nino"]
[Result "1-0"]
[WhiteElo "2276"]
[BlackElo "2003"]
[PlyCount "109"]
[EventDate "2015.06.25"]
[EventType "swiss"]
[EventRounds "9"]
[EventCountry "SLO"]
[SourceTitle "CBM 167 Extra"]
[Source "ChessBase"]
[SourceDate "2015.09.14"]
[SourceVersion "1"]
[SourceVersionDate "2015.09.14"]
[SourceQuality "1"]

1. c4 Nf6 2. g3 g6 3. Bg2 Bg7 4. Nf3 d5 5. cxd5 Nxd5 6. Nc3 Nb6 7. 0-0 0-0 8. d3 Nc6 9. Be3 h6 10. Qd2 Kh7 11. Rac1 Re8 12. Ne4 e5 13. Nc5 Nd4 14. Bxd4 exd4 15. b4 Qd6 16. Ne4 Qe7 17. Rfe1 Nd5 18. Nc5 c6 19. Rc4 b6 20. Nb3 Ba6 21. Rxc6 Qxb4 22. Rcc1 Qxd2 23. Nfxd2 Rad8 24. Bxd5 Rxd5 25. Nf3 Rd7 26. Rc2 Bb7 27. Rec1 a5 28. Rc7 Rxc7 29. Rxc7 Bd5 30. Kf1 a4 31. Nc1 Rb8 32. Ke1 Be6 33. Kd2 b5 34. Kc2 g5 35. Nd2 Be5 36. Rc5 Bd6 37. Rc6 Ba3 38. Nf3 Bxc1 39. Kxc1 Bxa2 40. Nxd4 b4 41. Kb2 Bd5 42. Rc5 a3+ 43. Kb1 a2+ 44. Kb2 Ra8 45. Nc2 b3 46. Na1 Be6 47. Rc3 Kg7 48. e4 Ra4 49. f3 f6 50. Rc7+ Kg6 51. Rc6 Kf7 52. Rc7+ Kg6 53. Re7 Rd4 54. Rxe6 Rxd3 55. f4 1-0

[Event "SLO-chT U20"]
[Site "Bled"]
[Date "2014.08.27"]
[Round "7.2"]
[White "Bratkovic, Jakob"]
[Black "Cmor, Nino"]
[Result "1/2-1/2"]
[WhiteElo "2086"]
[BlackElo "1956"]
[PlyCount "20"]
[EventDate "2014.08.23"]
[EventType "team-tourn"]
[EventRounds "7"]
[EventCountry "SLO"]
[SourceTitle "EXT 2022"]
[Source "ChessBase"]
[SourceDate "2021.10.06"]
[SourceVersion "1"]
[SourceVersionDate "2021.10.06"]
[SourceQuality "1"]
[WhiteTeam "Maribor ZSK U20"]
[BlackTeam "Radenska Pomgrad U20"]
[WhiteTeamCountry "SLO"]
[BlackTeamCountry "SLO"]

1. e4 c5 2. Nf3 d6 3. d4 cxd4 4. Nxd4 Nf6 5. Nc3 a6 6. Bc4 e6 7. Bb3 b5 8. Qf3 Qc7 9. Bg5 Be7 10. 0-0-0 Nbd7 1/2-1/2

[Event "SLO-chT U20"]
[Site "Bled"]
[Date "2014.08.26"]
[Round "5.2"]
[White "Zirkelbach, Maj"]
[Black "Cmor, Nino"]
[Result "0-1"]
[WhiteElo "1984"]
[BlackElo "1956"]
[PlyCount "54"]
[EventDate "2014.08.23"]
[EventType "team-tourn"]
[EventRounds "7"]
[EventCountry "SLO"]
[SourceTitle "EXT 2022"]
[Source "ChessBase"]
[SourceDate "2021.10.06"]
[SourceVersion "1"]
[SourceVersionDate "2021.10.06"]
[SourceQuality "1"]
[WhiteTeam "Novo Mesto Krka U20"]
[BlackTeam "Radenska Pomgrad U20"]
[WhiteTeamCountry "SLO"]
[BlackTeamCountry "SLO"]

1. e4 c5 2. Nf3 d6 3. d4 cxd4 4. Nxd4 Nf6 5. Nc3 a6 6. Bc4 e6 7. Bb3 Be7 8. 0-0 b5 9. Qf3 Qc7 10. Qg3 0-0 11. Bh6 Ne8 12. Rad1 Nc6 13. Nxc6 Qxc6 14. Rfe1 Bb7 15. Ne2 Qc5 16. Nd4 Qh5 17. Bc1 Nf6 18. f3 Rac8 19. Nxe6 fxe6 20. Bxe6+ Kh8 21. e5 dxe5 22. Rxe5 Bc5+ 23. Kh1 Rcd8 24. Bd7 Bf2 25. Rxh5 Bxg3 26. Rf5 Bc7 27. Bg5 Rxd7 0-1

[Event "Ptuj op"]
[Site "Ptuj"]
[Date "2014.08.21"]
[Round "8"]
[White "Cmor, Nino"]
[Black "Zagorsek, David"]
[Result "1/2-1/2"]
[WhiteElo "1956"]
[BlackElo "1862"]
[PlyCount "73"]
[EventDate "2014.08.15"]
[EventType "swiss"]
[EventRounds "9"]
[EventCountry "SLO"]
[SourceTitle "CBM 161 Extra"]
[Source "ChessBase"]
[SourceDate "2014.08.29"]
[SourceVersion "1"]
[SourceVersionDate "2014.08.29"]
[SourceQuality "1"]

1. e4 e5 2. Nf3 Nf6 3. Nxe5 d6 4. Nf3 Nxe4 5. Nc3 Nf6 6. d4 Be7 7. Bd3 0-0 8. 0-0 Nc6 9. d5 Ne5 10. Nxe5 dxe5 11. Re1 Bd6 12. Bg5 h6 13. Bh4 g5 14. Bg3 Re8 15. h3 a6 16. Re3 g4 17. Bh4 Be7 18. Rxe5 gxh3 19. Qe2 Qd6 20. Bg3 Qb4 21. Re1 Bg4 22. Qd2 Bf8 23. Bh4 Rxe5 24. Rxe5 Qd6 25. Qf4 Bg7 26. Bxf6 Qxf6 27. Qxf6 Bxf6 28. Re3 Kf8 29. gxh3 Bd7 30. Nd1 c6 31. Be4 Rd8 32. c4 b5 33. dxc6 Bxc6 34. Nc3 Bxe4 35. Nxe4 Rd1+ 36. Kg2 Bd4 37. Ra3 1/2-1/2

[Event "Ptuj op"]
[Site "Ptuj"]
[Date "2014.08.19"]
[Round "6"]
[White "Cmor, Nino"]
[Black "Kodric, Tilen"]
[Result "0-1"]
[WhiteElo "1956"]
[BlackElo "1706"]
[PlyCount "52"]
[EventDate "2014.08.15"]
[EventType "swiss"]
[EventRounds "9"]
[EventCountry "SLO"]
[SourceTitle "CBM 161 Extra"]
[Source "ChessBase"]
[SourceDate "2014.08.29"]
[SourceVersion "1"]
[SourceVersionDate "2014.08.29"]
[SourceQuality "1"]

1. e4 d6 2. d4 Nf6 3. Nc3 e5 4. Nf3 Nbd7 5. g4 Nxg4 6. Rg1 Ngf6 7. Bc4 h6 8. Be3 c6 9. dxe5 dxe5 10. Qd3 b5 11. Bb3 Qa5 12. 0-0-0 Ba6 13. Nd2 Rd8 14. Qf1 g6 15. f4 b4 16. Nc4 Bc5 17. Bxc5 Qxc5 18. Nd6+ Qxd6 19. Qxa6 Qc5 20. fxe5 bxc3 21. exf6 Nxf6 22. Rxd8+ Kxd8 23. Rd1+ Kc7 24. Rf1 Rd8 25. e5 Nd7 26. Rxf7 Qe3+ 0-1

[Event "Pardubice Czech op-B 25th"]
[Site "Pardubice"]
[Date "2014.07.20"]
[Round "3"]
[White "Thenhausen, Dirk"]
[Black "Cmor, Nino"]
[Result "1/2-1/2"]
[WhiteElo "2109"]
[BlackElo "1965"]
[PlyCount "80"]
[EventDate "2014.07.18"]
[EventType "swiss"]
[EventRounds "9"]
[EventCountry "CZE"]
[SourceTitle "EXT 2015"]
[Source "ChessBase"]
[SourceDate "2014.11.20"]
[SourceVersion "1"]
[SourceVersionDate "2014.11.20"]
[SourceQuality "1"]

1. e4 c5 2. Nf3 d6 3. d4 cxd4 4. Nxd4 Nf6 5. Nc3 a6 6. h3 e6 7. Bd3 Be7 8. 0-0 0-0 9. Be3 Qc7 10. a4 Nc6 11. Qd2 Rd8 12. f4 d5 13. exd5 Nxd5 14. Nxd5 Rxd5 15. Be4 Rxd4 16. Bxd4 Nxd4 17. Kh1 Nf3 18. Rxf3 Bd7 19. Rc3 Bc6 20. Bxc6 bxc6 21. g4 Bh4 22. Qe2 Qxf4 23. Rxc6 Bf6 24. Rb6 Rd8 25. Rf1 Qd4 26. Rb3 Qxa4 27. Re1 Qc6+ 28. Qe4 Qxe4+ 29. Rxe4 g6 30. c4 Rd1+ 31. Kh2 Rd2+ 32. Kg1 Rc2 33. Rf4 Rxb2 34. Rxb2 Bxb2 35. c5 Bd4+ 36. Kf1 Bxc5 37. Ra4 g5 38. Rxa6 Kg7 39. Rc6 Bd4 40. Ra6 Bf6 1/2-1/2

[Event "SLO-ch op"]
[Site "Ljubljana"]
[Date "2014.07.10"]
[Round "7"]
[White "Dobrovoljc, Vid"]
[Black "Cmor, Nino"]
[Result "1/2-1/2"]
[WhiteElo "1848"]
[BlackElo "1965"]
[PlyCount "52"]
[EventDate "2014.07.04"]
[EventType "swiss"]
[EventRounds "9"]
[EventCountry "SLO"]
[SourceTitle "EXT 2019"]
[Source "ChessBase"]
[SourceDate "2018.10.10"]
[SourceVersion "1"]
[SourceVersionDate "2018.10.10"]
[SourceQuality "1"]

1. e4 e5 2. Nf3 Nc6 3. Bb5 a6 4. Ba4 Nf6 5. 0-0 b5 6. Bb3 Be7 7. Re1 d6 8. c3 0-0 9. h3 Nb8 10. d4 Nbd7 11. Nh4 Nxe4 12. Nf5 Nef6 13. Qf3 Rb8 14. Bh6 Ne8 15. Qg3 Bf6 16. Nd2 Kh8 17. Be3 Bb7 18. Rad1 Qc8 19. Bg5 Qd8 20. Be3 Qc8 21. Bg5 Qd8 22. Be3 Rc8 23. a4 c5 24. axb5 axb5 25. dxe5 Nxe5 26. Bf4 Qd7 1/2-1/2

[Event "SLO-ch op"]
[Site "Ljubljana"]
[Date "2014.07.07"]
[Round "4"]
[White "Cmor, Nino"]
[Black "Zirkelbach, Maj"]
[Result "0-1"]
[WhiteElo "1965"]
[BlackElo "1843"]
[PlyCount "52"]
[EventDate "2014.07.04"]
[EventType "swiss"]
[EventRounds "9"]
[EventCountry "SLO"]
[SourceTitle "EXT 2019"]
[Source "ChessBase"]
[SourceDate "2018.10.10"]
[SourceVersion "1"]
[SourceVersionDate "2018.10.10"]
[SourceQuality "1"]

1. e4 c5 2. Nf3 Nc6 3. d4 cxd4 4. Nxd4 g6 5. Nc3 Bg7 6. Be3 Nf6 7. Bc4 d6 8. f3 Bd7 9. Qd2 Rc8 10. Bb3 0-0 11. 0-0-0 Ne5 12. h4 h5 13. Bg5 Re8 14. Kb1 a5 15. g4 hxg4 16. h5 Nxh5 17. Rxh5 gxh5 18. Qh2 Rxc3 19. bxc3 a4 20. Qxh5 axb3 21. Rh1 bxa2+ 22. Ka1 f6 23. Bh6 Nf7 24. Qg6 Nxh6 25. Rxh6 Qa5 26. Ne2 Qb5 0-1

[Event "SLO-ch op"]
[Site "Ljubljana"]
[Date "2014.07.05"]
[Round "2"]
[White "Cmor, Nino"]
[Black "Jelen, Miha"]
[Result "1-0"]
[WhiteElo "1965"]
[BlackElo "1565"]
[PlyCount "33"]
[EventDate "2014.07.04"]
[EventType "swiss"]
[EventRounds "9"]
[EventCountry "SLO"]
[SourceTitle "EXT 2019"]
[Source "ChessBase"]
[SourceDate "2018.10.10"]
[SourceVersion "1"]
[SourceVersionDate "2018.10.10"]
[SourceQuality "1"]

1. e4 e5 2. Nf3 Nc6 3. Bb5 f5 4. d3 fxe4 5. dxe4 Nf6 6. Qd3 Bc5 7. Nc3 d6 8. Qc4 Qe7 9. Nd5 Qf7 10. Be3 a6 11. Bxc6+ bxc6 12. Qa4 Nxd5 13. Qxc6+ Kd8 14. Bxc5 dxc5 15. 0-0-0 Qe6 16. Rxd5+ Ke7 17. Rxe5 1-0

[Event "Sentjur Ipavec Memorial 13th"]
[Site "Sentjur"]
[Date "2013.09.17"]
[Round "8"]
[White "Cmor, Nino"]
[Black "Zugaj, Fjodor"]
[Result "1/2-1/2"]
[WhiteElo "1931"]
[BlackElo "2187"]
[PlyCount "39"]
[EventDate "2013.09.11"]
[EventType "swiss"]
[EventRounds "9"]
[EventCountry "SLO"]
[SourceTitle "EXT 2015"]
[Source "ChessBase"]
[SourceDate "2014.11.20"]
[SourceVersion "1"]
[SourceVersionDate "2014.11.20"]
[SourceQuality "1"]

1. e4 c6 2. d4 d5 3. f3 g6 4. Nc3 Bg7 5. Be3 dxe4 6. fxe4 Nf6 7. Nf3 Qa5 8. Qd2 0-0 9. Bd3 Ng4 10. Bg5 e5 11. Nxe5 Nxe5 12. dxe5 Bxe5 13. Be3 Be6 14. 0-0 Nd7 15. Kh1 Qb4 16. a3 Qd6 17. h3 b6 18. Qf2 Bg7 19. Rad1 Qe7 20. Bf4 1/2-1/2